000 00331 a2200157 4500
001 174143
020 _a
040 _cMagnum
100 _aSardenberg, Maria Percinia Escosteguy
240 1 0 _aOs amigos
_lpor
245 1 0 _aOs amigos
362 0 _a1899
440 1 _aPaulinas
697 _aIJ/AVENTURA, CRIANCAS
942 _cBK
999 _c174143
_d174143